000 00522nam a2200169Ia 4500
008 090201s9999 xx 000 0 und d
010 _aKPL-24060
040 _bमराठी
041 _aमराठी
082 _a43533
_b24060
100 _aअशोक परांजपे
245 _aरक्ताची तहान
_cअशोक परांजपे
260 _c2005
_bडिव्हाइन
300 _a145
_bमोठा
600 _aरक्ताची तहान
942 _cBOOK
999 _c240573
_d240573